|
|
|
|
| LEADER |
00000nam0a2200000 4500 |
| 001 |
17692 |
| 005 |
20231030191002.0 |
| 035 |
|
|
|a (RuTPU)RU\TPU\book\17838
|
| 035 |
|
|
|a BOOK00002526
|
| 090 |
|
|
|a 17692
|
| 100 |
|
|
|a 20011209d1957 k y0rusy50 ca
|
| 101 |
0 |
|
|a rus
|
| 102 |
|
|
|a RU
|
| 105 |
|
|
|a y z 000zy
|
| 200 |
1 |
|
|a Борьба классов и партий в Германии в годы первой мировой войны
|e Август 1914 - октябрь 1917
|f З. К. Эггерт
|
| 210 |
|
|
|a Москва
|c Изд-во АН СССР
|d 1957
|
| 215 |
|
|
|a 734 с.
|
| 333 |
|
|
|a Исключено из фонда НТБ ТПУ
|
| 700 |
|
1 |
|a Эггерт
|b З. К.
|g Зинаида Карловна
|
| 801 |
|
0 |
|a RU
|b 63413507
|c 20011209
|g PSBO
|
| 801 |
|
2 |
|a RU
|b 63413507
|c 20220622
|g PSBO
|
| 942 |
|
|
|c BK
|